Introduction to the study of the law of the constitution (Record no. 178455)
[ view plain ]
| 000 -LEADER | |
|---|---|
| fixed length control field | 00987 a2200205 4500 |
| 003 - CONTROL NUMBER IDENTIFIER | |
| control field | Nust |
| 005 - DATE AND TIME OF LATEST TRANSACTION | |
| control field | 20230306103500.0 |
| 010 ## - LIBRARY OF CONGRESS CONTROL NUMBER | |
| LC control number | 81082778 |
| 020 ## - INTERNATIONAL STANDARD BOOK NUMBER | |
| International Standard Book Number | (pbk.) |
| 020 ## - INTERNATIONAL STANDARD BOOK NUMBER | |
| International Standard Book Number | 80082778 |
| 040 ## - CATALOGING SOURCE | |
| Transcribing agency | Nust |
| 082 00 - DEWEY DECIMAL CLASSIFICATION NUMBER | |
| Classification number | 340,DIC |
| 100 1# - MAIN ENTRY--PERSONAL NAME | |
| Personal name | Dicey, Albert Venn, |
| 9 (RLIN) | 109784 |
| 245 10 - TITLE STATEMENT | |
| Title | Introduction to the study of the law of the constitution |
| Statement of responsibility, etc. | A.V. Dicey. |
| 260 ## - PUBLICATION, DISTRIBUTION, ETC. | |
| Place of publication, distribution, etc. | Indianapolis : (Rawalpindi) |
| Name of publisher, distributor, etc. | Liberty/Classics,(National Book Foundations) |
| Date of publication, distribution, etc. | [1982] |
| 300 ## - PHYSICAL DESCRIPTION | |
| Extent | cxlviii, 435 p. : |
| Other physical details | port. ; |
| Dimensions | 27 cm. |
| 505 ## - FORMATTED CONTENTS NOTE | |
| Formatted contents note | The True Nature Of Constitutional Law (Page-1), The Nature Of Parliamentary Sovereignty (Page-39), Parliaments And Sovereign Law Making Bodies (Page-87), Parliamentary Sovereignty And Federalism (Page-138), The Rule Of Law (Page-183),The Right To Personal Freedom (Page-206), Martial Law (Page-284), The Army (Page-295), The Revenue (Page-312), The Responsibility Of Ministers (Page-325). |
| 650 #0 - SUBJECT ADDED ENTRY--TOPICAL TERM | |
| Topical term or geographic name entry element | Constitutional law |
| Geographic subdivision | Great Britain. |
| 942 ## - ADDED ENTRY ELEMENTS (KOHA) | |
| Source of classification or shelving scheme | |
| Koha item type | Book |
| Withdrawn status | Lost status | Source of classification or shelving scheme | Damaged status | Not for loan | Permanent Location | Current Location | Shelving location | Date acquired | Full call number | Barcode | Date last seen | Price effective from | Koha item type | Public note |
|---|---|---|---|---|---|---|---|---|---|---|---|---|---|---|
| Military College of Signals (MCS) | Military College of Signals (MCS) | General Stacks | 12/12/2016 | 340,DIC | MCS29515 | 12/08/2016 | 12/12/2016 | Book | Almirah No.50, Shelf No.4 | |||||
| Military College of Signals (MCS) | Military College of Signals (MCS) | General Stacks | 12/12/2016 | 340,DIC | MCS33334 | 12/08/2016 | 12/12/2016 | Book | Almirah No.50, Shelf No.4 | |||||
| Military College of Signals (MCS) | Military College of Signals (MCS) | General Stacks | 12/12/2016 | 340,DIC | MCS33335 | 12/08/2016 | 12/12/2016 | Book | Almirah No.73, Shelf No.6 |
